LEADER 01576nam2 22003251i 450 001 UON00259059 005 20231205103704.536 010 $a88-311-9133-0 100 $a20041125d1992 |0itac50 ba 101 $aita$aLAT 102 $aIT 105 $a|||| ||||| 200 1 $aˆLe ‰Lettere. Supplemento 1-29$etesto latino ripreso sostanzialmente dal Corpus Scriptorum Ecclesiasticorum Latinorum$fsant'Agostino$gintroduzioni, traduzione, note e indici di Luigi Carrozzi 210 $aRoma$cNuova Biblioteca Agostiniana$cCittà Nuova$d1992 215 $aCXL, 276 p.$ctav$d24 cm. 461 1$1001UON00260204$12001 $aOpere$fdi Sant'Agostino$1210 $aRoma$cCittà Nuova, Nuova Biblioteca Agostiniana$d1965- $1215 $a v.$d24 cm.$v23/a 620 $aIT$dRoma$3UONL000004 676 $a189.2$cPatristica$v20 700 0$aAUGUSTINUS AURELIUS$csanto$3UONV139398$0152280 702 1$aCARROZZI$bLuigi$3UONV152005 712 $aCittà Nuova$3UONV258932$4650 790 1$aAGOSTINO, Aurelio $zAUGUSTINUS AURELIUS $3UONV038355 790 0$aAGOSTINO d'Ippona $zAUGUSTINUS AURELIUS $3UONV165143 790 0$aAURELIUS AUGUSTINUS HIPPONIENSIS$zAUGUSTINUS AURELIUS $3UONV165144 801 $aIT$bSOL$c20240220$gRICA 899 $aSIBA - SISTEMA BIBLIOTECARIO DI ATENEO$2UONSI 912 $aUON00259059 950 $aSIBA - SISTEMA BIBLIOTECARIO DI ATENEO$dSI BIBBIA NT COLL S.AGO 0023/A $eSI EO 36694 5 0023/A 996 $aLettere. Supplemento 1-29$91848888 997 $aUNIOR LEADER 01243nam0 22002891i 450 001 UON00080737 005 20231205102427.813 010 $a32-01-00996-2 100 $a20020107d1977 |0itac50 ba 101 $ager 102 $aAT 105 $a|||| ||||| 200 1 $aIlluminierte Handschriften der Staatsbibliothek preussischer Kulturbesitz und Handschriften vom Tanasee$fErnst Hammerschmidt 210 $aGraz$cAkademische Druck$d1977 215 $a59 p., c. e p. di tav.$d27 cm 316 $a*Rari$5IT-UONSI ETS/398 RARI 410 1$1001UON00067555$12001 $aCodices aethiopici$fvon Ernst Hammerschmidt$v1 606 $aManoscritti etiopici$3UONC021287$2FI 620 $aAT$dGraz$3UONL000287 700 1$aHAMMERSCHMIDT$bErnst$3UONV011694$0648227 712 $aAkademische Druck$3UONV247017$4650 801 $aIT$bSOL$c20250207$gRICA 899 $aSIBA - SISTEMA BIBLIOTECARIO DI ATENEO$2UONSI 912 $aUON00080737 950 $aSIBA - SISTEMA BIBLIOTECARIO DI ATENEO$dSI S 398 RARI $eSI AA 4206 7 398 RARI *Rari 996 $aIlluminierte Handschriften der Staatsbibliothek preussischer Kulturbesitz und Handschriften vom Tanasee$91300537 997 $aUNIOR